Kolektivní vyjednávání v Japonsku. 3

Kolektívne vyjdenávanie v Japonsku sa uskutočňuje na úrovni podnikov, a to medzi podnikovými odbormi a manažmentom. Rozdielna úloha vlády pri kolektívnom vyjednávaní v súkromnom a štátnom sektore. Konzultácie zmluvných partnerov. Obsah kolektívnych zmlúv. Premeny kolektívneho vyjednávania v Japonsku...

ver descrição completa

Na minha lista:
Detalhes bibliográficos
Autor principal: Koš, M.
Formato: Capítulo de Livro
Idioma:tcheco
Assuntos:
Tags: Adicionar Tag
Sem tags, seja o primeiro a adicionar uma tag!

MARC

LEADER 00000naa a2200000 4500
001 r023708
005 20221213083102.6
041 0 |a cze 
044 |a CZ 
245 1 0 |a Kolektivní vyjednávání v Japonsku. 3  |c M. Koš 
520 |a Kolektívne vyjdenávanie v Japonsku sa uskutočňuje na úrovni podnikov, a to medzi podnikovými odbormi a manažmentom. Rozdielna úloha vlády pri kolektívnom vyjednávaní v súkromnom a štátnom sektore. Konzultácie zmluvných partnerov. Obsah kolektívnych zmlúv. Premeny kolektívneho vyjednávania v Japonsku. 
610 2 0 |a vyjednávanie kolektívne 
610 2 0 |a Japonsko 
610 2 0 |a vzťahy pracovné 
610 2 0 |a zamestnanci 
610 2 0 |a zamestnávatelia 
610 2 0 |a odbory 
610 2 0 |a zmluvy kolektívne 
100 1 |a Koš, M.